000 00557nam a22002057a 4500
003 OSt
005 20151029100146.0
008 130625t xxu||||| |||| 00| 0 eng d
020 _a1840221062
050 _aPR 1236
_b.H129 2001
082 _aIB 808.83
_bF58 2001
245 _aFive jacobean tragedies /
_cwith inroductions by Andrew Hadfield.
260 _aHertfordshire, England :
_bWordsworth Editions Limited,
_cc2001.
300 _a492 p. ;
_c20 cm.
562 _e3
942 _2lcc
_cBK
999 _c3067
_d3067